[Event "Aragon-chT Preferente Gr II"]
[Site "Aragon"]
[Date "2022.02.19"]
[Round "4.59"]
[White "Galve Guinea, Alejandro"]
[Black "Jimenez Azlor, Hugo"]
[Result "1-0"]
[WhiteElo "1984"]
[BlackElo "1554"]
[PlyCount "63"]
[EventDate "2022.01.29"]
[EventType "team-tourn"]
[EventRounds "9"]
[EventCountry "ESP"]
[SourceTitle "EXT 2024"]
[Source "ChessBase"]
[SourceDate "2023.10.10"]
[SourceVersion "1"]
[SourceVersionDate "2023.10.10"]
[SourceQuality "1"]
[WhiteTeam "El Olivar II"]
[BlackTeam "Enroque Barbastro"]
[WhiteTeamCountry "ESP"]
[BlackTeamCountry "ESP"]

1. Nf3 c5 2. c4 Nf6 3. Nc3 d6 4. g3 g6 5. Bg2 Bg7 6. 0-0 Nc6 7. Rb1 Bf5 8. d3 Qd7 9. e4 Bg4 10. Ne2 Bxf3 11. Bxf3 b5 12. e5 bxc4 13. exf6 Bxf6 14. dxc4 Rb8 15. Bg2 Ne5 16. Nc3 Nxc4 17. Ne4 Bg7 18. Re1 e6 19. Bg5 0-0 20. Nf6+ Bxf6 21. Bxf6 d5 22. Qc1 Nd6 23. Qxc5 Rfc8 24. Qe3 Ne8 25. Bd4 a6 26. Rbc1 Rd8 27. Qe5 f6 28. Qxe6+ Qxe6 29. Rxe6 f5 30. Re7 Rbc8 31. Rxc8 Rxc8 32. Bxd5+ 1-0

[Event "Aragon-chT Preferente Gr II"]
[Site "Aragon"]
[Date "2022.01.29"]
[Round "1.60"]
[White "Galve Guinea, Alejandro"]
[Black "Sanz Parron, Laura"]
[Result "1/2-1/2"]
[WhiteElo "1984"]
[BlackElo "1717"]
[PlyCount "56"]
[EventDate "2022.01.29"]
[EventType "team-tourn"]
[EventRounds "9"]
[EventCountry "ESP"]
[SourceTitle "EXT 2024"]
[Source "ChessBase"]
[SourceDate "2023.10.10"]
[SourceVersion "1"]
[SourceVersionDate "2023.10.10"]
[SourceQuality "1"]
[WhiteTeam "El Olivar II"]
[BlackTeam "Marcos Frechin II"]
[WhiteTeamCountry "ESP"]
[BlackTeamCountry "ESP"]

1. Nf3 d5 2. d4 Nf6 3. c4 e6 4. Nc3 Be7 5. Bg5 0-0 6. e3 h6 7. Bh4 Ne4 8. Bxe7 Qxe7 9. Qc2 Nxc3 10. Qxc3 dxc4 11. Bxc4 b6 12. 0-0 Bb7 13. Be2 Rc8 14. b4 a6 15. Qb2 Nd7 16. Rfc1 Nf6 17. Ne5 Qd6 18. a4 Ra7 19. b5 axb5 20. axb5 Rca8 21. Rxa7 Rxa7 22. Ra1 Rxa1+ 23. Qxa1 Qd8 24. Qa3 Nd5 25. f3 Qa8 26. Qxa8+ Bxa8 27. Kf2 Kf8 28. Bc4 Ke7 1/2-1/2

[Event "Aragon-chT Preferente Gr-II"]
[Site "Aragon"]
[Date "2020.02.15"]
[Round "4.53"]
[White "Gasca Uson, Miguel"]
[Black "Galve Guinea, Alejandro"]
[Result "1/2-1/2"]
[WhiteElo "1421"]
[BlackElo "1994"]
[PlyCount "40"]
[EventDate "2020.01.25"]
[EventType "team-tourn"]
[EventRounds "9"]
[EventCountry "ESP"]
[SourceTitle "EXT 2022"]
[Source "ChessBase"]
[SourceDate "2021.10.06"]
[SourceVersion "1"]
[SourceVersionDate "2021.10.06"]
[SourceQuality "1"]
[WhiteTeam "St Casablanca III"]
[BlackTeam "El Olivar II"]
[WhiteTeamCountry "ESP"]
[BlackTeamCountry "ESP"]

1. c4 Nf6 2. Nc3 g6 3. Nf3 Bg7 4. g3 0-0 5. Bg2 d5 6. cxd5 Nxd5 7. 0-0 Nb6 8. d3 Nc6 9. Bd2 h6 10. Rc1 e5 11. a3 Nd4 12. Nxd4 exd4 13. Ne4 Nd5 14. Qb3 c6 15. Bb4 Nxb4 16. Qxb4 Qb6 17. Qxb6 axb6 18. Nd6 Rd8 19. Nxc8 Rdxc8 20. Rc4 Re8 1/2-1/2

[Event "Aragon-chT Preferente Gr-I"]
[Site "Aragon"]
[Date "2019.02.09"]
[Round "3.49"]
[White "Sanchez Castro, Roberto"]
[Black "Galve Guinea, Alejandro"]
[Result "1-0"]
[WhiteElo "2037"]
[BlackElo "2001"]
[PlyCount "67"]
[EventDate "2019.01.26"]
[EventType "team-tourn"]
[EventRounds "9"]
[EventCountry "ESP"]
[SourceTitle "EXT 2020"]
[Source "ChessBase"]
[SourceDate "2019.10.17"]
[SourceVersion "1"]
[SourceVersionDate "2019.10.17"]
[SourceQuality "1"]
[WhiteTeam "IberCaja II"]
[BlackTeam "El Olivar III"]
[WhiteTeamCountry "ESP"]
[BlackTeamCountry "ESP"]

1. d3 Nf6 2. g3 g6 3. Bg2 Bg7 4. Nd2 0-0 5. e3 c5 6. Ne2 Nc6 7. 0-0 d6 8. h3 Bd7 9. f4 Rb8 10. c3 b5 11. e4 b4 12. Nc4 bxc3 13. bxc3 Qc8 14. g4 Ne8 15. f5 Ne5 16. Nxe5 dxe5 17. c4 e6 18. fxg6 hxg6 19. g5 Nc7 20. Ng3 Rd8 21. Nh1 Be8 22. Rf3 Qd7 23. Nf2 Na6 24. Be3 Rb2 25. Bf1 Qa4 26. Qe1 Rxa2 27. Rxa2 Qxa2 28. Ng4 Kf8 29. Rf2 Qa3 30. Nf6 Rb8 31. Rc2 Rb2 32. Rxb2 Qxb2 33. Qa5 Qb6 34. Qxa6 1-0

[Event "Aragon-chT Preferente A"]
[Site "Aragon"]
[Date "2017.01.28"]
[Round "1.42"]
[White "Galve Guinea, Alejandro"]
[Black "Accattato Martin, Nicola"]
[Result "0-1"]
[WhiteElo "2029"]
[BlackElo "2018"]
[PlyCount "58"]
[EventDate "2017.01.28"]
[EventType "team-tourn"]
[EventRounds "9"]
[EventCountry "ESP"]
[SourceTitle "EXT 2018"]
[Source "ChessBase"]
[SourceDate "2017.10.13"]
[SourceVersion "1"]
[SourceVersionDate "2017.10.13"]
[SourceQuality "1"]
[WhiteTeam "El Olivar II"]
[BlackTeam "Monsalud"]
[WhiteTeamCountry "ESP"]
[BlackTeamCountry "ESP"]

1. Nf3 d6 2. d4 Nd7 3. c4 e5 4. e4 Ngf6 5. Nc3 c6 6. Be2 Be7 7. 0-0 0-0 8. Qc2 Kh8 9. b3 Ng8 10. dxe5 dxe5 11. Be3 g6 12. Rad1 Qe8 13. Na4 f5 14. exf5 gxf5 15. Qb2 Bf6 16. Ne1 f4 17. Bd2 e4 18. Bc3 Qg6 19. f3 e3 20. Qc2 Qg5 21. Qe4 Ne5 22. Bxe5 Bxe5 23. Nc5 Bc3 24. Ne6 Bxe6 25. Qxe6 Rf6 26. Qg4 Qa5 27. Nd3 Qxa2 28. Nxf4 Raf8 29. Nh5 Rg6 0-1

[Event "Aragon-chT Preferente B"]
[Site "Aragon"]
[Date "2015.02.07"]
[Round "3.69"]
[White "Galve Guinea, Alejandro"]
[Black "Chueca Lorente, Javier"]
[Result "0-1"]
[WhiteElo "2041"]
[BlackElo "2039"]
[PlyCount "72"]
[EventDate "2015.01.24"]
[EventType "team-tourn"]
[EventRounds "9"]
[EventCountry "ESP"]
[SourceTitle "EXT 2017"]
[Source "ChessBase"]
[SourceDate "2016.10.25"]
[SourceVersion "1"]
[SourceVersionDate "2016.10.25"]
[SourceQuality "1"]
[WhiteTeam "El Olivar III"]
[BlackTeam "St Casablanca IV"]
[WhiteTeamCountry "ESP"]
[BlackTeamCountry "ESP"]

1. Nf3 d5 2. d4 c6 3. c4 e6 4. Nc3 dxc4 5. a4 Bb4 6. e3 b5 7. Bd2 a5 8. Be2 Bb7 9. Qc2 Nf6 10. e4 c5 11. dxc5 Bxc5 12. Nxb5 Nxe4 13. Be3 Qb6 14. Bxc5 Qxc5 15. 0-0 Bd5 16. Rac1 0-0 17. Bxc4 Nf6 18. Bxd5 Qxc2 19. Rxc2 Nxd5 20. Nc7 Nxc7 21. Rxc7 Na6 22. Rb7 Rab8 23. Rxb8 Rxb8 24. Rc1 g6 25. Kf1 Rxb2 26. Rc8+ Kg7 27. Ra8 Nc5 28. Rxa5 Nd3 29. Ra7 Rxf2+ 30. Kg1 Ra2 31. Kf1 Rf2+ 32. Kg1 Ra2 33. Kf1 Ra1+ 34. Ke2 Nf4+ 35. Kf2 Ra2+ 36. Kg3 Nh5+ 0-1

[Event "Aragon-chT Preferente B"]
[Site "Aragon"]
[Date "2015.01.24"]
[Round "1.69"]
[White "Martinez Catalan, Francisco Javier"]
[Black "Galve Guinea, Alejandro"]
[Result "1/2-1/2"]
[WhiteElo "2226"]
[BlackElo "2041"]
[PlyCount "67"]
[EventDate "2015.01.24"]
[EventType "team-tourn"]
[EventRounds "9"]
[EventCountry "ESP"]
[SourceTitle "EXT 2017"]
[Source "ChessBase"]
[SourceDate "2016.10.25"]
[SourceVersion "1"]
[SourceVersionDate "2016.10.25"]
[SourceQuality "1"]
[WhiteTeam "La Aurora Estadilla"]
[BlackTeam "El Olivar III"]
[WhiteTeamCountry "ESP"]
[BlackTeamCountry "ESP"]

1. e4 c6 2. d4 d5 3. exd5 cxd5 4. Bd3 Nf6 5. Nf3 Bg4 6. 0-0 e6 7. c3 Qc7 8. h3 Bh5 9. Be3 Bd6 10. Nbd2 0-0 11. Qb3 Nc6 12. Rac1 Rfc8 13. c4 dxc4 14. Bxc4 Qd7 15. Ng5 Na5 16. Qb5 Nxc4 17. Qxd7 Nxd7 18. Nxc4 Be7 19. Ne4 Rc6 20. Na5 Rxc1 21. Rxc1 b6 22. Nb7 Nf6 23. Ned6 Bxd6 24. Nxd6 Nd5 25. Bd2 Kf8 26. Nb5 Ke7 27. Nc7 Rd8 28. Nxd5+ Rxd5 29. Rc7+ Rd7 30. Rxd7+ Kxd7 31. f3 Bg6 32. Kf2 Kc6 33. Ke3 Kd5 34. Bc3 1/2-1/2

[Event "Aragon-chT Preferente A"]
[Site "Aragon"]
[Date "2012.02.18"]
[Round "3.35"]
[White "Galve Guinea, Alejandro"]
[Black "Navarro Alonso, Jorge Luis"]
[Result "0-1"]
[WhiteElo "2033"]
[BlackElo "2154"]
[PlyCount "50"]
[EventDate "2012.02.04"]
[EventType "team"]
[EventRounds "9"]
[EventCountry "ESP"]
[SourceTitle "EXT 2014"]
[Source "ChessBase"]
[SourceDate "2013.11.20"]
[SourceVersion "1"]
[SourceVersionDate "2013.11.20"]
[SourceQuality "1"]
[WhiteTeam "Olivar II"]
[BlackTeam "Helios"]
[WhiteTeamCountry "ESP"]
[BlackTeamCountry "ESP"]

1. d4 d5 2. c4 e6 3. Nc3 c5 4. cxd5 cxd4 5. Qxd4 Nc6 6. Qa4 exd5 7. Nf3 Nf6 8. g3 d4 9. Nb1 Bc5 10. Bg2 0-0 11. 0-0 Re8 12. Re1 Bg4 13. Nbd2 a6 14. a3 Qd5 15. b4 Ba7 16. Bb2 Qh5 17. Rac1 Rad8 18. Qc2 Bh3 19. Bh1 Bf5 20. Qb3 Ng4 21. b5 Be6 22. Qd3 axb5 23. Ba1 Nce5 24. Qb1 Nxf3+ 25. Nxf3 d3 0-1

[Event "Aragon-chT Preferente A"]
[Site "Aragon"]
[Date "2012.02.04"]
[Round "1.40"]
[White "Fleta Marin, Sergio"]
[Black "Galve Guinea, Alejandro"]
[Result "0-1"]
[WhiteElo "1669"]
[BlackElo "2033"]
[PlyCount "100"]
[EventDate "2012.02.04"]
[EventType "team"]
[EventRounds "9"]
[EventCountry "ESP"]
[SourceTitle "EXT 2014"]
[Source "ChessBase"]
[SourceDate "2013.11.20"]
[SourceVersion "1"]
[SourceVersionDate "2013.11.20"]
[SourceQuality "1"]
[WhiteTeam "Delicias CCOO II"]
[BlackTeam "Olivar II"]
[WhiteTeamCountry "ESP"]
[BlackTeamCountry "ESP"]

1. e4 Nf6 2. d3 d6 3. h3 g6 4. g3 Bg7 5. Bg2 0-0 6. Nf3 c5 7. 0-0 Nc6 8. c3 Rb8 9. Re1 b5 10. e5 Nxe5 11. Nxe5 dxe5 12. Rxe5 Nd7 13. Re2 Bb7 14. d4 Bxg2 15. Kxg2 cxd4 16. cxd4 Nb6 17. Be3 Nd5 18. Bc1 Qb6 19. Nc3 Qc6 20. Nxd5 Qxd5+ 21. Kg1 e5 22. Be3 exd4 23. Rd2 Rbd8 24. Rd3 Qc5 25. Rc1 Qb6 26. Bf4 Rc8 27. Qd2 Qe6 28. b3 Rxc1+ 29. Qxc1 Qxh3 30. Qf1 Qxf1+ 31. Kxf1 Rc8 32. Rd2 f5 33. Ke2 Kf7 34. Kd3 Rc3+ 35. Ke2 Ke6 36. Rd3 Kd5 37. Bb8 Rxd3 38. Kxd3 a6 39. Ba7 g5 40. Bb6 Bf6 41. Bc7 h5 42. b4 h4 43. gxh4 gxh4 44. Bh2 Be5 45. f4 Bd6 46. a3 Bc7 47. Bg1 Bxf4 48. Bxd4 Bg3 49. Bg1 h3 50. Ke2 h2 0-1

[Event "Aragon-chT Honor II"]
[Site "Spain"]
[Date "2011.02.12"]
[Round "2.31"]
[White "Castillo Sanjuan, Alejandro"]
[Black "Galve Guinea, Alejandro"]
[Result "1-0"]
[WhiteElo "1967"]
[BlackElo "2031"]
[PlyCount "131"]
[EventDate "2011.02.05"]
[EventType "team-tourn"]
[EventRounds "7"]
[EventCountry "ESP"]
[SourceTitle "EXT 2013"]
[Source "ChessBase"]
[SourceDate "2012.11.22"]
[SourceVersion "1"]
[SourceVersionDate "2012.11.22"]
[SourceQuality "1"]
[WhiteTeam "IberCaja II"]
[BlackTeam "Olivar II"]
[WhiteTeamCountry "ESP"]
[BlackTeamCountry "ESP"]

1. e4 Nf6 2. e5 Nd5 3. c4 Nb6 4. d4 d6 5. f4 dxe5 6. fxe5 Bf5 7. Be3 e6 8. Nf3 Nc6 9. Be2 Be7 10. 0-0 0-0 11. Nc3 f6 12. Nh4 fxe5 13. Nxf5 exf5 14. d5 Nd4 15. Bxd4 exd4 16. Qxd4 Nd7 17. Qd2 Bc5+ 18. Kh1 Ne5 19. Na4 Be7 20. Rad1 Qd7 21. Qc2 g6 22. c5 Bf6 23. Nc3 b6 24. Bb5 Qg7 25. d6 bxc5 26. dxc7 Qxc7 27. Nd5 Qc8 28. Rfe1 Ng4 29. h3 Nh6 30. Bd7 Qb7 31. Qxc5 Qxb2 32. Nc7 Rab8 33. Ne6 Qb6 34. Qc4 Qb4 35. Qd3 Qc3 36. Qd6 Qb4 37. Qc6 Qb6 38. Qc1 Nf7 39. Nxf8 Rxf8 40. Re6 Qb2 41. Qc4 Kg7 42. Rde1 Ng5 43. Ra6 Qf2 44. Rf1 Qe3 45. Bc6 Be5 46. Qb3 Qc5 47. Rd1 Ne4 48. Bxe4 fxe4 49. Qb7+ Rf7 50. Qxe4 Qb5 51. Qd3 Qc5 52. Ra4 Qb6 53. Re4 Bf6 54. Qe3 Qa5 55. Qe2 Qc5 56. Rf4 Qb6 57. Rdf1 Qd6 58. g4 g5 59. Rf5 Qc6+ 60. Qg2 Qd6 61. Rd5 Qb6 62. Qf3 Qb2 63. Rf2 Qc1+ 64. Kg2 Qe1 65. Rxg5+ Kh6 66. Rh5+ 1-0

[Event "Aragon-chT Preferente"]
[Site "Spain"]
[Date "2010.03.20"]
[Round "9.31"]
[White "Galve Guinea, Alejandro"]
[Black "Sancho Cortes, Miguel Angel"]
[Result "1-0"]
[WhiteElo "1977"]
[BlackElo "2082"]
[PlyCount "133"]
[EventDate "2010.01.23"]
[EventType "team-swiss"]
[EventRounds "12"]
[EventCountry "ESP"]
[SourceTitle "EXT 2013"]
[Source "ChessBase"]
[SourceDate "2012.11.22"]
[SourceVersion "1"]
[SourceVersionDate "2012.11.22"]
[SourceQuality "1"]
[WhiteTeam "El Olivar II"]
[BlackTeam "Marcos Frechin"]
[WhiteTeamCountry "ESP"]
[BlackTeamCountry "ESP"]

1. d4 Nf6 2. c4 e5 3. dxe5 Ng4 4. e4 Nxe5 5. f4 Nec6 6. Nf3 Bc5 7. Nc3 d6 8. Bd3 0-0 9. a3 Re8 10. Bd2 Bg4 11. h3 Bxf3 12. Qxf3 Nd4 13. Qg3 Nf5 14. Qg4 Ne3 15. Qf3 Nf5 16. Qg4 Nd4 17. 0-0-0 Nb3+ 18. Kb1 Nxd2+ 19. Rxd2 Nd7 20. Rhd1 Bd4 21. Nb5 Be3 22. Re2 Bc5 23. Bc2 a6 24. Nd4 Bxd4 25. Rxd4 g6 26. Red2 Nf6 27. Qf3 Qe7 28. g4 Rad8 29. g5 Nd7 30. h4 Nc5 31. Rh2 f6 32. h5 fxg5 33. hxg6 hxg6 34. Qh3 Qg7 35. Rd5 Ne6 36. Qg4 gxf4 37. Rd1 Kf7 38. e5 dxe5 39. Rg1 Rh8 40. Bxg6+ Ke7 41. Rhg2 Qf6 42. Qf3 c6 43. Qb3 Rd7 44. Be4 Rh6 45. c5 Qh4 46. Bf5 Qf6 47. Be4 Qf7 48. Qc3 Rd4 49. Bc2 f3 50. Rf2 Rf6 51. Bb3 Qh7+ 52. Bc2 Qh5 53. Ka2 Rg4 54. Rgf1 Nd4 55. Qb4 Nxc2 56. Qxb7+ Kf8 57. Qc8+ Kg7 58. Rxf3 Rgf4 59. Rg1+ Rg6 60. Qd7+ Kh6 61. Rxg6+ Kxg6 62. Qe8+ Kg5 63. Qxe5+ Kg6 64. Qxf4 Qd5+ 65. b3 Nd4 66. Rg3+ Kh5 67. Qg4+ 1-0

[Event "Aragon-chT Preferente"]
[Site "Spain"]
[Date "2010.02.20"]
[Round "5.36"]
[White "Palomar Ramon, Santiago"]
[Black "Galve Guinea, Alejandro"]
[Result "1-0"]
[WhiteElo "2042"]
[BlackElo "1977"]
[PlyCount "57"]
[EventDate "2010.01.23"]
[EventType "team-swiss"]
[EventRounds "12"]
[EventCountry "ESP"]
[SourceTitle "EXT 2013"]
[Source "ChessBase"]
[SourceDate "2012.11.22"]
[SourceVersion "1"]
[SourceVersionDate "2012.11.22"]
[SourceQuality "1"]
[WhiteTeam "San Jose"]
[BlackTeam "El Olivar II"]
[WhiteTeamCountry "ESP"]
[BlackTeamCountry "ESP"]

1. e4 e6 2. d4 d5 3. Nc3 Bb4 4. e5 c5 5. Bd2 Ne7 6. Nf3 Nbc6 7. Nb5 Bxd2+ 8. Qxd2 0-0 9. c3 f6 10. exf6 Rxf6 11. dxc5 b6 12. cxb6 Qxb6 13. Nbd4 Rb8 14. b3 e5 15. Nxc6 Nxc6 16. Qxd5+ Be6 17. Qe4 Qa5 18. Qe3 Rxb3 19. Rc1 Qxa2 20. Bd3 Qa3 21. 0-0 Qa5 22. Ng5 Bd5 23. Bxh7+ Kf8 24. Be4 Rf4 25. Rfd1 Bxe4 26. Ne6+ Kg8 27. Nxf4 Bh7 28. Ne6 e4 29. Rd7 1-0

[Event "Aragon-chT"]
[Site "Aragon"]
[Date "2009.03.28"]
[Round "9"]
[White "Bayod Rubia, Angel"]
[Black "Galve Guinea, Alejandro"]
[Result "0-1"]
[WhiteElo "2041"]
[BlackElo "1956"]
[PlyCount "96"]
[EventDate "2009.01.24"]
[EventType "team-swiss"]
[EventRounds "9"]
[EventCountry "ESP"]
[SourceTitle "EXT 2011"]
[Source "ChessBase"]
[SourceDate "2010.11.26"]
[SourceVersion "1"]
[SourceVersionDate "2010.11.26"]
[SourceQuality "1"]

1. e4 e6 2. d4 d5 3. e5 c5 4. Nf3 cxd4 5. Bd3 Nc6 6. 0-0 f6 7. Re1 fxe5 8. Nxe5 Nxe5 9. Rxe5 Nf6 10. Bb5+ Bd7 11. Rxe6+ Kf7 12. Bxd7 Qxd7 13. Re1 Bc5 14. Nd2 Rhe8 15. Rf1 Bb6 16. Nf3 Rac8 17. Bf4 Qf5 18. Bg3 Qxc2 19. Ne5+ Kg8 20. Qf3 Qe4 21. Nd3 Qxf3 22. gxf3 Rc2 23. Rad1 Ree2 24. Bd6 Red2 25. Ba3 Rxd1 26. Rxd1 Kf7 27. Kf1 g5 28. Nb4 Rc8 29. Nd3 g4 30. Ne5+ Ke6 31. Nxg4 Nxg4 32. fxg4 Ke5 33. Ke2 Kf4 34. h3 Rc2+ 35. Kf1 Kf3 36. g5 Rxf2+ 37. Ke1 Re2+ 38. Kf1 Ke3 39. Re1 d3 40. Bb4 Kf3 41. Rd1 Rf2+ 42. Ke1 Re2+ 43. Kf1 Ke4 44. Bd2 Be3 45. Be1 Rxb2 46. a4 d2 47. Bh4 Kd3 48. Ra1 Rc2 0-1

[Event "Aragon-chT"]
[Site "Aragon"]
[Date "2009.02.28"]
[Round "5"]
[White "Gimeno Diaz, Fernando"]
[Black "Galve Guinea, Alejandro"]
[Result "0-1"]
[WhiteElo "1890"]
[BlackElo "1956"]
[PlyCount "106"]
[EventDate "2009.01.24"]
[EventType "team-swiss"]
[EventRounds "9"]
[EventCountry "ESP"]
[SourceTitle "EXT 2011"]
[Source "ChessBase"]
[SourceDate "2010.11.26"]
[SourceVersion "1"]
[SourceVersionDate "2010.11.26"]
[SourceQuality "1"]

1. d4 Nf6 2. Nf3 e6 3. c4 Bb4+ 4. Nc3 c5 5. Bd2 0-0 6. e3 d6 7. Bd3 Nc6 8. 0-0 e5 9. d5 Ne7 10. Ne4 Bxd2 11. Nfxd2 Nxe4 12. Nxe4 f5 13. Nc3 Ng6 14. f4 Qe7 15. Qd2 Bd7 16. a3 Rae8 17. b4 exf4 18. exf4 Qe3+ 19. Qxe3 Rxe3 20. Rad1 Rfe8 21. bxc5 dxc5 22. Nb5 Bxb5 23. cxb5 Nf8 24. a4 g6 25. Kf2 Nd7 26. Rfe1 Rxe1 27. Rxe1 Rxe1 28. Kxe1 Kf7 29. a5 Ke7 30. Kd2 Kd6 31. Be2 b6 32. Kc3 bxa5 33. Kb3 Nb6 34. g3 a4+ 35. Ka3 Kxd5 36. Bf3+ Kd4 37. g4 fxg4 38. Bxg4 Ke4 39. Be6 Kxf4 40. Bg8 h6 41. Bh7 g5 42. Bc2 Kg4 43. Bxa4 Nxa4 44. Kxa4 Kh3 45. Ka5 g4 46. Ka6 c4 47. Kxa7 c3 48. b6 c2 49. b7 c1Q 50. b8Q Qa1+ 51. Kb7 Qb1+ 52. Ka7 Qxb8+ 53. Kxb8 Kxh2 0-1

[Event "ESP Autonomico-chT"]
[Site "Spain"]
[Date "2006.02.25"]
[Round "4.35"]
[White "Morato Garcia, Jesus"]
[Black "Galve Guinea, Alejandro"]
[Result "1-0"]
[WhiteElo "1935"]
[BlackElo "1884"]
[PlyCount "51"]
[EventDate "2006.02.04"]
[EventType "team"]
[EventRounds "9"]
[EventCountry "ESP"]
[SourceTitle "EXT 2007"]
[Source "ChessBase"]
[SourceDate "2006.11.23"]
[SourceVersion "1"]
[SourceVersionDate "2006.11.23"]
[SourceQuality "1"]

1. d4 Nf6 2. c4 e6 3. Nc3 Bb4 4. Bg5 h6 5. Bh4 d6 6. Qa4+ Nc6 7. d5 Bxc3+ 8. bxc3 exd5 9. cxd5 g5 10. dxc6 b5 11. Qd4 gxh4 12. e3 a6 13. Qxh4 Bf5 14. Nf3 Qe7 15. a4 bxa4 16. Rxa4 Rb8 17. Rb4 0-0 18. Bxa6 Ra8 19. Ra4 Nd5 20. Qxh6 Nxc3 21. Rh4 f6 22. Qh8+ Kf7 23. Qh5+ Bg6 24. Bc4+ d5 25. Bxd5+ Nxd5 26. Qxd5+ 1-0

[Event "Autonomico-chT"]
[Site "Aragon"]
[Date "2005.04.02"]
[Round "9.56"]
[White "Galve Guinea, Alejandro"]
[Black "Gonzalo Borao, David"]
[Result "0-1"]
[WhiteElo "1892"]
[BlackElo "1867"]
[PlyCount "48"]
[EventDate "2005.01.22"]
[EventType "team"]
[EventRounds "12"]
[EventCountry "ESP"]
[SourceTitle "EXT 2006"]
[Source "ChessBase"]
[SourceDate "2005.11.24"]
[SourceVersion "1"]
[SourceVersionDate "2005.11.24"]
[SourceQuality "1"]

1. e4 e5 2. f4 exf4 3. Bc4 Nc6 4. d4 d6 5. Bxf4 Nf6 6. Nc3 Be7 7. Qd3 Bg4 8. Nf3 Bh5 9. d5 Na5 10. Bb5+ c6 11. dxc6 Nxc6 12. 0-0-0 0-0 13. Bxc6 bxc6 14. Bxd6 Bxd6 15. Qxd6 Qb6 16. Qd4 Qc7 17. e5 Ng4 18. Qc5 Rfe8 19. Nb5 Qa5 20. Qxc6 Rac8 21. Qd7 Nf2 22. e6 Nxh1 23. exf7+ Bxf7 24. Rxh1 Red8 0-1

[Event "Autonomico-chT"]
[Site "Aragon"]
[Date "2005.02.12"]
[Round "3.32"]
[White "Galve Guinea, Alejandro"]
[Black "Armengod Arino, Jose Manuel"]
[Result "1/2-1/2"]
[WhiteElo "1892"]
[BlackElo "1876"]
[PlyCount "57"]
[EventDate "2005.01.22"]
[EventType "team"]
[EventRounds "12"]
[EventCountry "ESP"]
[SourceTitle "EXT 2006"]
[Source "ChessBase"]
[SourceDate "2005.11.24"]
[SourceVersion "1"]
[SourceVersionDate "2005.11.24"]
[SourceQuality "1"]

1. e4 e6 2. d4 d5 3. Nc3 Bb4 4. e5 c5 5. Bd2 Bd7 6. Nb5 Bxd2+ 7. Qxd2 Bxb5 8. Bxb5+ Nc6 9. Bxc6+ bxc6 10. dxc5 Rb8 11. b4 Qh4 12. c3 Qe4+ 13. Qe2 Qxg2 14. Qf3 Qxf3 15. Nxf3 Ne7 16. Nd4 Kd7 17. Kd2 h5 18. Rhg1 g6 19. Rg5 Nf5 20. Nxf5 exf5 21. h4 Ke6 22. f4 Rhd8 23. Rgg1 Rd7 24. Rgd1 Rbd8 25. Ke3 Rb8 26. Kd4 a6 27. Rd2 a5 28. a3 a4 29. Rg1 1/2-1/2